=LDR 00000nam 2200000 4500 =001 INLIS000000000046514 =005 20150331102437.0 =006 =007 =008 =035 ##$$0010-031500000000286 =040 ##$$a NBPDMAT =082 ##$$a 631.5 =090 ##$$a 631.5$Ban p =100 ##$$a Banuwijoyo mulyadi =245 ##$$a Pembangunan pertanian$cMoelijadi Banoewidjojo =260 ##$$aSurabaya$bOpeni$c1983 =300 ##$$a v119 hlm$bilus$c21 cm. =650 ##$$a pertanian =850 ##$$a NBPDMAT =990 ##$$a 1002/pro/84 =990 ##$$a 0001/BPAP-NTB/20142015